Viry Châtillon Thierry Henry - Statistiques

Statistiques générales
  • Ce quiz a été pris 187 fois
  • Le résultat moyen est 34 sur 45
Statistiques - réponses
Réponse % Correct
Chatillon
97%
chatillon
97%
Viry
97%
viry
97%
viry
97%
en
90%
m'a
88%
m'a
88%
brie
87%
je
87%
de
86%
de
86%
le
86%
père
86%
père
86%
Sucy
86%
à
83%
à
83%
buts
83%
mon
83%
mon
83%
les
80%
mets
80%
six
80%
six
80%
on
73%
zero
73%
erreurs
71%
gagne
71%
Heures
68%
match
68%
coup
65%
d'envoi
65%
la
65%
toutes
65%
mes
61%
maison
58%
il
57%
il
57%
deux
56%
49%
dans
47%
j'habitais
46%
sorti
34%
Orsay
31%
Aucun quiz correspondant
Distribution des résultats
% des personnes avec chaque résultat
Percentile par nombre de réponses
Votre historique - résultats
Vous n’avez pas pris ce quiz